Psicología experimental
Guardat en:
| Autors principals: | , |
|---|---|
| Format: | Llibre |
| Idioma: | espanyol |
| Publicat: |
Buenos Aires
EUDEBA
1964
|
| Col·lecció: | Tratados EUDEBA. Psicología
|
| Matèries: | |
| Etiquetes: |
Afegir etiqueta
Sense etiquetes, Sigues el primer a etiquetar aquest registre!
|
MARC
| LEADER | 00000nam a2200000 a 4500 | ||
|---|---|---|---|
| 001 | UCY6096 | ||
| 003 | CL-VaPUC | ||
| 008 | 950521e19640000AG |||||||||||||||||spa|d | ||
| 082 | 0 | 4 | |a 150.724 |b WOO |2 21 |
| 100 | 0 | |a Woodworth, Robert S |e author |9 335706 | |
| 700 | 0 | |a Schlosberg, Harold |e author |9 335753 | |
| 245 | 1 | 0 | |a Psicología experimental |
| 300 | |a 2 v | ||
| 942 | |c BK | ||
| 945 | |d 19950521 00:00:00 |a mfernand | ||
| 260 | |a Buenos Aires |b EUDEBA |c 1964 | ||
| 650 | 7 | |a PSICOLOGIA EXPERIMENTAL |2 CL-VaPUC |9 309015 | |
| 650 | 7 | |a INVESTIGACION PSICOLOGICA |2 CL-VaPUC |9 309030 | |
| 650 | 7 | |a RESPUESTA |2 CL-VaPUC |9 335648 | |
| 650 | 0 | |a Motivación |9 315362 | |
| 650 | 0 | |a Atención |9 312027 | |
| 650 | 7 | |a PSICOLOGIA DE LOS PROCESOS SENSORIALES |2 CL-VaPUC |9 335754 | |
| 650 | 0 | |a Percepción |9 266750 | |
| 650 | 0 | |a Aprendizaje |9 254827 | |
| 650 | 0 | |a Memoria |9 266549 | |
| 650 | 7 | |a SOLUCION DE PROBLEMAS |2 CL-VaPUC |9 270958 | |
| 583 | |a last modification |c 19950521 00:00:00 |k Rodrigo Vera | ||
| 490 | 0 | |a Tratados EUDEBA. Psicología | |
| 999 | |c 233679 |d 233677 | ||
| 952 | |0 0 |1 0 |4 0 |6 150_724000000000000_WOO_1964 |7 0 |8 P |9 239360 |a BIBEDU |b BIBEDU |c BIBEDU_PB |d 2019-11-18 |h v.1 |i 1508105 |o 150.724 WOO 1964 |p 1508105 |r 2024-01-25 |w 2019-11-18 |y BK |k EDU | ||
| 952 | |0 0 |1 0 |4 0 |6 150_724000000000000_WOO_1964 |7 0 |8 P |9 239361 |a BIBEDU |b BIBEDU |c BIBEDU_PB |d 2019-11-18 |h v.2 |i 1508113 |o 150.724 WOO 1964 |p 1508113 |r 2024-01-25 |w 2019-11-18 |y BK |k EDU | ||